| 000 | 00461nam a2200145Ia 4500 | ||
|---|---|---|---|
| 008 | 230917s9999||||xx |||||||||||||| ||und|| | ||
| 040 |
_e170714 _aMAIN |
||
| 041 | _aEnglish | ||
| 082 | _a891.43301731 SI23K | ||
| 100 | _aशरीफ, इब्राहीम | ||
| 245 | 0 | _aकई सूरजों के बीच | |
| 260 |
_aदिल्ली _bनेशनल पब्लिशिंग हाउस _c1973 |
||
| 300 | _a124 पृ. p. | ||
| 942 | _cHN | ||
| 999 |
_c189449 _d189449 |
||